000 00686nam a2200181 a 4500
001 000592791
003 AM-YEHGA
005 20250617160344.0
008 080724s1895 ru r 000 0 rus d
040 _aAM-YeHGA
041 0 _arus
100 1 _aБогданов, С.М.
245 1 0 _aИллюстрированный сельскохозяйственный словарь :
_bЭнциклопедия сельского хозяйства /
_cСост. С.М. Богданов.
260 _aКиев :
_bТип. Петра Барскаго,
_c1895.
300 _a1446 с. :
_bил. ;
_c25 см.
650 1 4 _aСельское хозяйство
_xСловарь
090 _c454552
999 _c451610
_d451610